000 00539nam a2200181Ia 4500
005 20250508161742.0
008 008 250505s9999 xx 000 0 eng d
037 _aTextual
040 _aFEDL
_beng
_cFEDL
041 _aeng
_2eng
084 _aF, BLY
_qFEDL
100 _aBlyton Enid
245 0 _aMystery of the pantomime cat: Being the seventh adventure of the five find-outers and dog
260 _aLondon, UK
_bMethuen and Co. Ltd.
_c1956
300 _avii,181p
942 _cTEXL
_hF, BLY
999 _c1371897
_d1371897